Normal view
MARC view
Entry Topical Term
001 - CONTROL NUMBER
- control field: 7537
003 - CONTROL NUMBER IDENTIFIER
- control field: OSt
005 - DATE AND TIME OF LATEST TRANSACTION
- control field: 20160331145337.0
008 - FIXED-LENGTH DATA ELEMENTS
- fixed length control field: 160331|| aca||aabn | a|a d
040 ## - CATALOGING SOURCE
- Original cataloging agency: OSt
- Transcribing agency: OSt
150 ## - HEADING--TOPICAL TERM
- Topical term or geographic name entry element: Population
- General subdivision: Environmental aspects.
670 ## - SOURCE DATA FOUND
- Source citation: Work cat.: (OSt)3363: UNU Global Environmental Forum (4th : 1995 : Osada, Japan) 7535, Population, land management, and environmental change :, 1996.
